| 000 | 00621nam a2200193Ia 4500 | ||
|---|---|---|---|
| 003 | GCL | ||
| 008 | 140319s9999 xx 000 0 ara d | ||
| 040 |
_aGCL / _cGCL |
||
| 082 | 0 | 4 |
_a793.7 _bع ن |
| 100 | 1 | _aعباس لمع | |
| 245 | 1 | 0 |
_aنزهة العقل الذكى: مسائل وتمارين التسلية واختبار الذكاء / _cعباس لمع |
| 260 |
_a[S.N] : _bالمؤسسة اللبنانية العربية للتوزيع ، _c1988 |
||
| 300 | _a83 ص | ||
| 490 | _a | ||
| 650 | 0 | 4 | _aالترفيه |
| 650 | 0 | 4 | _aالتسالى |
| 650 | 0 | 4 | _aالرياضة الذهنية |
| 942 |
_2ddc _cBK |
||
| 999 |
_c54609 _d54609 |
||